| 000 | 00426nam a22001697a 4500 | ||
|---|---|---|---|
| 005 | 20231117113152.0 | ||
| 008 | 231117b ||||| |||| 00| 0 eng d | ||
| 040 | _cAL | ||
| 041 | _aeng | ||
| 082 |
_223 _a657.46 _bPRAO |
||
| 100 |
_aB Prasad _9141783 |
||
| 245 | _aOutline of Income Tax | ||
| 260 |
_aAligarh _bNaoman Publication _c1992 |
||
| 650 |
_aIncome Tax _9141784 |
||
| 700 |
_aPRASAD (B) _9141785 |
||
| 942 |
_2ddc _cBK |
||
| 999 |
_c229204 _d229204 |
||